000
00284nam a22001217a 4500
008
251003b |||||||| |||| 00| 0 eng d
040
_a
17
100
_a
Kumar ,Sunil
245
_a
Badminton Skill and Rules
260
_a
New Delhi
_b
Khel sahitya kendra
300
_a
327
942
_c
01
999
_c
66423
_d
66423